000 00839nam a2200253Ia 4500
003 OSt
005 20220918171441.0
006 a|||||r|||| 00| 0
007 ta
008 220917b |||||||| |||| 00| 0 eng d
020 _a9781785537116 (hbk)
_cUKP 85.00
024 _a348,970
037 _b13765, 23/01/2019, Elite Publishers Distributors
_cTextual
040 _aARTS
_cARTS
_beng
041 _2eng
_aeng
082 _aV641.P1, Q8
100 _aEramin Laura Au.
_936628
245 0 _aPeaceful selves
_b personhood,nationhood and the post conflict moment in Rwanda
260 _aNew York
_bBerghahn USA
_c2018
300 _aviii,192p.
_ccm.
650 _aRWANDA - HISTORY
_936629
942 _hV641.P1, Q8
_cTEXL
_2CC
999 _c139602
_d139602